00458nam a2200133 a 450000500170000000800410001705000240005824500490008265000240013165000160015594200080017199900190017995201260019820140414093837.0030922s19uu xx 00 eng d aVCD 220.9bPha 1996 aPharaohs and kings :ba biblical quest III. aBiblexAntiquities. aArcheology. cAVM c109102d109102 001040aLUXbLUXcAVd2003-09-22eLib. Fundg150.00l0oVCD 220.9 Pha 1996pAV0712r2014-04-14 00:00:00w2014-04-14yAVM